Rainbow Literature Quiz Stats

 Plays Quiz Updated Apr 10, 2018

Score 0/18 Timer 04:00
6 Plays Today
Hint Answer % Correct
The Jungle Book
93.5%
Animal Farm
93.2%
Green Eggs and Ham
92.8%
Winnie-the-Pooh
91.7%
Jurassic Park
91.3%
The Three Musketeers
89.5%
Little Women
87.7%
Adventures of Huckleberry Finn
87.3%
The Great Gatsby
83.7%
Hint Answer % Correct
Charlie and the Chocolate Factory
78.8%
Curious George
78%
Gone with the Wind
76.8%
Diary of a Wimpy Kid
76.3%
The Color Purple
72.3%
The Little Prince
67.5%
The Giving Tree
67%
The Hitchhiker's Guide to the Galaxy
66.2%
Eragon
56.5%

You're not logged in!

Compare scores with friends on all Sporcle quizzes.
OR
Log In

Sporcle TV

Today on Sporcle TV


Watch our educational content, quiz creation guides, and fun videos on Sporcle TV.

Show Comments

Extras

Top Quizzes Today


Score Distribution

Your Account Isn't Verified!

In order to create a playlist on Sporcle, you need to verify the email address you used during registration. Go to your Sporcle Settings to finish the process.

Report this User

Report this user for behavior that violates our Community Guidelines.

Details: